000 01394nam0a2200421 4500
001 RU\NLR\bibl\214245
005 20260406163630.0
010 _a5-04-007379-8
_97100
020 _aRU
_b01-45901
_9Книжная летопись
021 _aRU
_b2001-26662
_91272
035 _a(NLR Aleph) 000210393
090 _a1221134
_c1221134
100 _a20011206d2001 |||y0rusy50 ca
101 1 _arus
102 _aRU
105 _ay |||||||||
200 1 _aБрэгг - система питания
_e[По работам П. Брэгга
_eПер.]
210 _aМ.
_cЯуза
_cЭКСМО-пресс
_d2001
215 _a254, [1] с.
_d21
225 1 _aНовый взгляд
606 0 _aПитание рациональное
_91157806
_3RU\NLR\auth\66462912
606 0 _aГолодание лечебное
_91330039
_3RU\NLR\auth\66238142
610 0 _aГигиена питания
610 0 _aГолодание лечебное
675 _a615.874
_v3
_zrus
686 _a76.29
_2rugasnti
686 _a53.51
_2rubbk
686 _aЛ996.5
686 _aР351.23
686 _aР123.0
701 1 _4070
_8rus
_7ca
_aБрэгг
_bП. С.
_f1881-1976
_gПоль С.
_3RU\NLR\AUTH\7710278
_9120057
801 0 _aRU
_bRKP
_c20011206
_gPSBO
801 1 _aRU
_bRKP
_c20011206
801 2 _aRU
_bNLR
_c20020226
_grcr
942 _cBOOK
980 _aNB